Z našich úloh

Bibliographic Details
Main Author: Štefanovič, Miloš Vladimír, 1854-1904 (Author)
Other Authors: Salva, Karol, 1849-1913 (Printer)
Format: Book
Language:Slovak
PhysicalDescription:35 strán 15 cm
Published: V Ružomberku Tlačou kníhtlačiarne Karla Salvu 1898
Subjects:

MARC

LEADER 00000nam a2200000 a 4500
001 vtls001303250
003 SK-MaSNL
005 20260301235159.0
008 240313s1898 xo g 000 0 slo
015 |a SNBHFA1898 
020 |q (viaz.) 
035 |a SNK000255391 
035 |a urn:nbn:sk:snk-am3hwtb 
035 |a F33CB5CF-C009-434D-BA19-1307302CD51A 
035 |a urn:nbn:sk:snk-am00dbsd 
040 |a SNK  |b slo  |c SNK  |e AACR2 
041 0 |a slo 
044 |a xo  |c SK 
072 7 |a 316.7  |x Sociológia kultúry. Kultúrny život  |2 konspekt 
080 |a 316.7  |2 2011 
100 1 |a Štefanovič, Miloš Vladimír,  |d 1854-1904  |4 aut  |9 155960 
245 1 0 |a Z našich úloh  |c Napísal Zvolenčan 
260 |a V Ružomberku  |b Tlačou kníhtlačiarne Karla Salvu  |c 1898 
300 |a 35 strán  |c 15 cm 
500 |a Dokument napísaný pod pseudonymom 
525 |a Odtisk zo "Slov. Listov" a "Národních Novín" 
650 0 7 |a kultúra a spoločnosť  |2 SNKPH  |9 4083 
650 0 7 |a spoločenský život  |2 SNKPH  |9 28654 
650 0 7 |a rozvoj miest  |2 SNKPH  |9 2928 
655 7 |a separáty  |2 SNKPH  |9 70334 
700 1 |a Salva, Karol,  |d 1849-1913  |4 prt  |9 93017 
752 |a Slovensko  |d Ružomberok 
770 |a Slovenské listy 
770 |a Národné noviny 
852 |a snk  |p SE 269/1 
958 |a ONDV 
999 |c 973839  |d 975769 
952 |a SNK  |b SNK  |y PREZ  |7 0  |p 17A0592866  |o snkSE 269/1  |i snk1178/29  |0 0  |1 0  |4 0  |d 2011-03-23  |f 1  |l 0  |r 2026-02-24 10:58:28  |w 2026-02-24 
952 |a SNK  |b SNK  |y VYP  |7 0  |p 17A0098481  |o snkSE 269/1 D1  |i snkKSK 1783/57  |8 3  |0 0  |1 0  |4 0  |d 1997-09-23  |l 0  |r 2005-01-02 00:00:00  |w 2026-02-24 
952 |a SNK  |b SNK  |y VYP  |7 0  |p 17A0530642  |o snkSE 269/1 D2  |i snkK 2375/67  |8 3  |0 0  |1 0  |4 0  |d 2006-11-30  |l 0  |r 2026-02-24 10:58:28  |w 2026-02-24